The unified modeling language reference manual / (رقم التسجيلة. 30301)
[ عرض عادي ]
| 000 -الفاتح | |
|---|---|
| حقل البيانات ثابتة الطول | 01315cam a22003494a 4500 |
| 001 - رقم الضبط | |
| رقم الضبط | 13607470 |
| 003 - محدد رقم الضبط | |
| رقم الضبط | OSt |
| 005 - وقت وتاريخ اخر تعامل مع التسجيلة | |
| رقم الضبط | 20150408114136.0 |
| 008 - عناصر البيانات ثابتة الطول - معلومات عامة | |
| حقل البيانات ثابتة الطول | 040527s2005 maua b 001 0 eng |
| 010 ## - رقم ضبط مكتبة الكونجرس | |
| رقم ضبط مكتبة الكونجرس | 2004012580 |
| 020 ## - الرقم الدولى المعيارى للكتب | |
| الرقم الدولى المعيارى للكتاب | 0321718952x |
| 020 ## - الرقم الدولى المعيارى للكتب | |
| الرقم الدولى المعيارى للكتاب | 9780321718952 |
| 040 ## - مصدر الفهرسة | |
| وكالة الفهرسة الأصلية | Ma-Un |
| 042 ## - رمز التحقق | |
| رمز التحقق | pcc |
| 050 00 - رقم طلب مكتبة الكونجرس | |
| رقم التصنيف | QA76.76.D47 |
| رقم المادة | R86 2005 |
| 082 00 - رقم تصنيف ديوى العشرى | |
| رقم التصنيف | 005.3 |
| رقم الطبعة | 22 |
| رقم المادة | RJU |
| 100 1# - المدخل الرئيسى - إسم شخصى | |
| الإسم الشخصى | Rumbaugh, James. |
| 9 (RLIN) | 36413 |
| 245 14 - بيان العنوان | |
| العنوان | The unified modeling language reference manual / |
| بيان المسئوليه,etc | James Rumbaugh, Ivar Jacobson, Grady Booch. |
| 250 ## - بيان الطبعة | |
| بيان الطبعة | 2nd ed. |
| 260 ## - PUBLICATION, DISTRIBUTION, ETC. (IMPRINT) | |
| مكان الناشر او الموزع | Boston : |
| اسم الناشر او الموزع | Addison-Wesley, |
| تاريخ النشر أو التوزيع | c2005. |
| 300 ## - الوصف المادى | |
| التعداد | xx, 721 p. : |
| تفاصيل ماديه اخرى للوعاء | ill. ; |
| أبعاد الوعاء | 24 cm. |
| المادة المصاحبة | + 1 CD-ROM (4 3/4 in.) |
| 440 #4 - بيان السلسلة/مدخل إضافى-العنوان | |
| العنوان | The Addison-Wesley object technology series |
| 9 (RLIN) | 36414 |
| 504 ## - تبصرة ببليوجرافية | |
| تبصرة ببليوجرافية,الخ | Includes bibliographical references (p. 703-705) and index. |
| 650 #0 - المدخل الاضافى بالموضوع-مصطلح موضوعى | |
| مصطلح موضوعي أو اسم جغرافي كعنصر مدخل | Computer software |
| التقسيم الفرعي العام | Development. |
| 650 #0 - المدخل الاضافى بالموضوع-مصطلح موضوعى | |
| مصطلح موضوعي أو اسم جغرافي كعنصر مدخل | UML (Computer science) |
| 9 (RLIN) | 3960 |
| 700 1# - المدخل الاضافى - اسم شخصى | |
| الإسم الشخصى | Jacobson, Ivar. |
| 9 (RLIN) | 36415 |
| 700 1# - المدخل الاضافى - اسم شخصى | |
| الإسم الشخصى | Booch, Grady. |
| 9 (RLIN) | 36416 |
| 856 41 - الوصول و الموقع الالكترونى | |
| مواد محددة | Table of contents |
| معرف المصدر الموحد | http://www.loc.gov/catdir/toc/ecip0418/2004012580.html |
| 906 ## - عنصر بيانات محلى F, LDF (RLIN) | |
| a | 7 |
| b | cbc |
| c | orignew |
| d | 1 |
| e | ecip |
| f | 20 |
| g | y-gencatlg |
| 942 ## - | |
| -- | ddc |
| -- | BOOK |
| 999 ## - | |
| -- | 30301 |
| -- | 264801 |
| حالة الفقد | نموذج السعر الفعال | حالة تلف | ليس للاعارة | رقم الطلب | رقم النسخة | تاريخ الاكتساب | Serial Enumeration / chronology | الباركود | الفرع الرئيسي | Date last seen | نوع المادة فى نظام كوها | مصدر التصنيف او خطة الترفيف | Total Checkouts |
|---|---|---|---|---|---|---|---|---|---|---|---|---|---|
| 2013-08-04 | Not For Loan | 005.3 RJU | 1 | 2013-08-04 | CL | 00205798 | المكتبة المركزية بالمجمعة (CL) | 2013-08-04 | كتاب | Dewey Decimal Classification | |||
| 2013-08-04 | 005.3 RJU | 2 | 2013-08-04 | CL | 00205797 | المكتبة المركزية بالمجمعة (CL) | 2013-08-04 | كتاب | Dewey Decimal Classification | ||||
| 2013-10-16 | 005.3 RJU | 2013-10-16 | CL | 00206483 | المكتبة المركزية بالمجمعة (CL) | 2013-10-16 | كتاب | Dewey Decimal Classification |
